00756nam a22002171a 450000100060000000300080000600500170001400800410003103500190007204000290009104100080012008200240012810000370015224500590018926000870024830000350033550400510037065000370042165000340045865100460049234413BD-RjUL20211209052144.0140517s1965 mdua b 001 0 eng d a(BD-RjUL)34507 aLCbengcLCdLCdBD-RjUL aeng04a330.91732bTHP 19651 aThompson, Wilbur Richard,d1923-12aA preface to urban economics /cby Wilbur R. Thompson. aBaltimore :bPublished for Resources for the Future by Johns Hopkins Press,c1965. axiii, 413 p. :bill. ;c24 cm. aIncludes bibliographical references and index. 0aCities and townszUnited States. 0aCity planningzUnited States. 0aUnited StatesxEconomic conditionsy1945-